000 00787cam a2200277Ii 4500
001 42915
005 20230410120824.0
008 991129n1970uuuuru 000 0 spa d
035 _a(OCoLC)ocm42897980
040 _aDQ$
_bspa
_cDQ$
_dOCLCQ
035 _a(OCoLC)42897980
041 1 _aspa
_hrus
043 _ae-ru---
050 1 4 _aHX 36
_bL566e 1970
100 1 _aLenin, Vladimir Ilich,
_d1870-1924.
245 1 3 _aLa enfermedad infantil del "izquierdismo" en el comunismo /
_cV. I. Lenin.
260 _aMoscú :
_bProgreso,
_c1970?
300 _a128 p. ;
_c20 cm.
440 0 _aBiblioteca del socialismo científico.
650 0 _aSocialism.
650 4 _aComunismo
_zUnión Soviética.
650 4 _aComunismo.
942 _2lcc
_cbk
946 _amfcruz
994 _aC0
_bDRFGD
999 _c52547
_d52547